Movies Missing 6-Letter Words Quiz Stats

 Plays Quiz Updated Jan 19, 2016

Challenge
Share
Tweet
Embed
Score 0/40 Timer 05:00
2 Plays Today
Title Word % Correct
___ of the ApesPlanet
97.2%
___ ScissorhandsEdward
96.5%
Million ___ BabyDollar
96.3%
Monty ___ and the Holy GrailPython
95.1%
Night of the ___ DeadLiving
95%
Clash of the ___Titans
94.6%
The ___ MermaidLittle
94.3%
Back to the ___Future
94%
A Clockwork ___Orange
93.5%
___ Bueller's Day OffFerris
92.7%
Full Metal ___Jacket
91.5%
Blade ___Runner
90.5%
Crouching Tiger, Hidden ___Dragon
89.4%
The ___ IdentityBourne
89%
___ from AlcatrazEscape
86.6%
___ HollowSleepy
86.1%
Minority ___Report
86%
From ___ with LoveRussia
83.3%
The Deer ___Hunter
81.8%
The Talented Mr. ___Ripley
81.1%
Title Word % Correct
Ordinary ___People
80.4%
Wall ___Street
79.2%
___ BullRaging
78.6%
The ___ ConnectionFrench
75.6%
___ MonkeysTwelve
75.2%
___ BrascoDonnie
74.2%
On ___ PondGolden
61.6%
The Andromeda ___Strain
57.3%
The Madness of King ___George
57.1%
In the Name of the ___Father
56.8%
The ___ Josey WalesOutlaw
56.8%
___ and Her SistersHannah
55.5%
The ___ Rose of CairoPurple
53.8%
My ___ ValentineBloody
50.6%
___ II SocietyMenace
47.6%
They Shoot ___, Don't They?Horses
47.2%
___ at 1600Murder
46.8%
Altered ___States
45.5%
Kelly's ___Heroes
41.4%
The Prime of Miss Jean ___Brodie
38.1%

You're not logged in!

Compare scores with friends on all Sporcle quizzes.
OR
Log In

You Might Also Like...

Show Comments

Extras

Top Quizzes Today


Score Distribution

Your Account Isn't Verified!

In order to create a playlist on Sporcle, you need to verify the email address you used during registration. Go to your Sporcle Settings to finish the process.

Report this User

Report this user for behavior that violates our Community Guidelines.

Details: